00367nam a22001457a 4500003000500000005001700005008004100022020001800063040000600081082001600087100002200103245005900125260002800184300000900212CEME20210628202400.0210311b xxu||||| |||| 00| 0 eng d a81-85198-29-2 c. a006.3 NIL'P aNilbbon, Nils. J. aPrinciples of artificial intelligence with 139 figures aNEW DELHIbNAROSAc1980 a476P